[Event "EU-ch Online 2300+ Final"]
[Site "Chess.com INT"]
[Date "2020.05.30"]
[Round "3"]
[White "Baranow, Sergey"]
[Black "Buksa, Nataliya"]
[Result "1/2-1/2"]
[WhiteElo "2192"]
[BlackElo "2410"]
[PlyCount "216"]
[EventDate "2020.05.30"]
[EventType "swiss"]
[EventRounds "8"]
[EventCountry "NET"]
[SourceTitle "CBM 196 Extra"]
[Source "ChessBase"]
[SourceDate "2020.07.31"]
[SourceVersion "1"]
[SourceVersionDate "2020.07.31"]
[SourceQuality "1"]

1. e4 c5 2. d4 cxd4 3. Nf3 Nc6 4. Bc4 e6 5. 0-0 d6 6. Qe2 Nf6 7. Rd1 Be7 8. c3 d3 9. Bxd3 Qc7 10. c4 0-0 11. Nc3 a6 12. h3 Ne5 13. Bf4 Bd7 14. Rac1 b6 15. b3 Rfd8 16. Qe3 Bc6 17. Nd5 Nxf3+ 18. gxf3 Bxd5 19. cxd5 Qb7 20. dxe6 fxe6 21. Bc4 d5 22. exd5 exd5 23. Qe6+ Kh8 24. Bxa6 Qxa6 25. Qxe7 Re8 26. Qb4 Qe2 27. Kg2 Rxa2 28. Bg3 Raa8 29. Qxb6 h6 30. Qd4 Qe6 31. b4 Rad8 32. b5 Nh5 33. b6 Nxg3 34. fxg3 Qe2+ 35. Qf2 Qa6 36. Rd2 d4 37. Rb2 d3 38. Rd1 Rb8 39. g4 Re2 40. Rxe2 dxe2 41. Re1 Re8 42. h4 Qb5 43. h5 Re6 44. b7 Qxb7 45. Rxe2 Rxe2 46. Qxe2 Qd7 47. Kf1 Qd4 48. Kg2 Qc5 49. Qf2 Qc3 50. Kg3 Qd3 51. Qc5 Qf1 52. Qe3 Qd1 53. Qe8+ Kh7 54. Qe4+ Kh8 55. Kf2 Qd2+ 56. Qe2 Qd4+ 57. Ke1 Qc3+ 58. Kd1 Qd4+ 59. Kc2 Qc5+ 60. Kd3 Qd5+ 61. Ke3 Qe5+ 62. Kf2 Qh2+ 63. Ke1 Qg1+ 64. Kd2 Qd4+ 65. Qd3 Qf2+ 66. Kc3 Qc5+ 67. Kb3 Qb6+ 68. Kc4 Qc6+ 69. Kd4 Qd6+ 70. Ke4 Qe6+ 71. Kf4 Qf6+ 72. Qf5 Qd6+ 73. Ke4 Qb4+ 74. Ke5 Qc3+ 75. Ke6 Qc6+ 76. Ke7 Qc7+ 77. Ke8 Qc6+ 78. Kd8 Qa8+ 79. Kc7 Qa7+ 80. Kd6 Qb6+ 81. Ke5 Qc7+ 82. Ke4 Qc2+ 83. Kf4 Qd2+ 84. Kg3 Qe1+ 85. Kf4 Qd2+ 86. Ke4 Qc2+ 87. Ke3 Qc1+ 88. Ke2 Qb2+ 89. Kf1 Qc1+ 90. Kg2 Qd2+ 91. Kh3 Qe1 92. Qc8+ Kh7 93. Qc2+ Kh8 94. Qg2 Qe3 95. Kg3 Qe5+ 96. f4 Qe3+ 97. Qf3 Qe1+ 98. Kh3 Qd2 99. Qg3 Qd1 100. Qf2 Qd3+ 101. Kh4 Qd5 102. Qe1 Qf3 103. Qe8+ Kh7 104. Qg6+ Kh8 105. Qd6 Qf2+ 106. Kh3 Qf3+ 107. Kh2 Qf2+ 108. Kh1 Qf1+ 1/2-1/2

[Event "EU-ch Online 2300+ Final"]
[Site "Chess.com INT"]
[Date "2020.05.30"]
[Round "6"]
[White "Baranow, Sergey"]
[Black "Usov, Aleksandr E"]
[Result "1-0"]
[WhiteElo "2192"]
[BlackElo "2069"]
[PlyCount "57"]
[EventDate "2020.05.30"]
[EventType "swiss"]
[EventRounds "8"]
[EventCountry "NET"]
[SourceTitle "CBM 196 Extra"]
[Source "ChessBase"]
[SourceDate "2020.07.31"]
[SourceVersion "1"]
[SourceVersionDate "2020.07.31"]
[SourceQuality "1"]

1. e4 c6 2. d4 d5 3. exd5 cxd5 4. Nf3 Bg4 5. c4 Bxf3 6. Qxf3 Nf6 7. Nc3 e6 8. cxd5 Nxd5 9. Bc4 Bb4 10. 0-0 Bxc3 11. bxc3 0-0 12. Rb1 Qd7 13. Rd1 Rc8 14. Bb5 Qe7 15. c4 Nf6 16. Ba3 Qc7 17. d5 exd5 18. cxd5 Nbd7 19. d6 Qa5 20. Bxd7 Nxd7 21. Rxb7 Ne5 22. Qb3 Re8 23. d7 Nf3+ 24. gxf3 Re1+ 25. Rxe1 Qxe1+ 26. Kg2 Rd8 27. Rb8 Qa5 28. Rxd8+ Qxd8 29. Qd5 1-0

[Event "EU-ch Online 2300+ Qual"]
[Site "Chess.com INT"]
[Date "2020.05.29"]
[Round "5"]
[White "Can, Emre"]
[Black "Baranow, Sergey"]
[Result "0-1"]
[WhiteElo "2569"]
[BlackElo "2192"]
[PlyCount "114"]
[EventDate "2020.05.29"]
[EventType "swiss"]
[EventRounds "8"]
[EventCountry "NET"]
[SourceTitle "CBM 196 Extra"]
[Source "ChessBase"]
[SourceDate "2020.07.31"]
[SourceVersion "1"]
[SourceVersionDate "2020.07.31"]
[SourceQuality "1"]

1. e4 c5 2. Nf3 a6 3. Nc3 Nc6 4. d4 cxd4 5. Nxd4 e5 6. Nf5 d6 7. Bc4 Nf6 8. Bg5 Bxf5 9. exf5 Be7 10. Bxf6 Bxf6 11. Bd5 0-0 12. 0-0 Qc7 13. Ne4 Ne7 14. c4 Nxd5 15. Qxd5 Be7 16. a4 Rac8 17. b3 Qd7 18. Rfe1 Rfd8 19. Rad1 Qxf5 20. Qxb7 Qe6 21. Qd5 Rb8 22. Re3 Qxd5 23. Rxd5 f5 24. Nd2 Kf7 25. Nf3 h6 26. Kf1 g5 27. h3 h5 28. g4 hxg4 29. hxg4 fxg4 30. Nh2 Rh8 31. Kg2 Rh4 32. Rdd3 Ke6 33. Nf1 Rbh8 34. b4 g3 35. Rc3 gxf2 36. Kxf2 Rf4+ 37. Kg2 g4 38. Ng3 Rc8 39. Re4 Rcf8 40. Re2 Rc8 41. Rec2 Rcf8 42. b5 axb5 43. axb5 Rf3 44. b6 Kd7 45. Ne4 Kc6 46. Rb2 R3f4 47. Nd2 Bh4 48. b7 Rf2+ 49. Kg1 Rb8 50. Rcb3 Re2 51. Kf1 Re1+ 52. Kg2 e4 53. Nb1 Bf6 54. Rb6+ Kc7 55. R2b3 Bd4 56. R6b5 Rg1+ 57. Kh2 Rh8+ 0-1

[Event "EU-ch Online 2300+ Qual"]
[Site "Chess.com INT"]
[Date "2020.05.29"]
[Round "2"]
[White "Kashlinskaya, Alina"]
[Black "Baranow, Sergey"]
[Result "1-0"]
[WhiteElo "2494"]
[BlackElo "2192"]
[PlyCount "135"]
[EventDate "2020.05.29"]
[EventType "swiss"]
[EventRounds "8"]
[EventCountry "NET"]
[SourceTitle "CBM 196 Extra"]
[Source "ChessBase"]
[SourceDate "2020.07.31"]
[SourceVersion "1"]
[SourceVersionDate "2020.07.31"]
[SourceQuality "1"]

1. d4 d5 2. c4 e6 3. Nc3 Nf6 4. cxd5 Nxd5 5. e4 Nxc3 6. bxc3 c5 7. Rb1 cxd4 8. cxd4 Be7 9. Nf3 0-0 10. Bd3 b6 11. 0-0 Bb7 12. Re1 Nc6 13. Bb2 Nb4 14. Bc4 Rc8 15. Rc1 Ba6 16. Bxa6 Nxa6 17. a3 Qd7 18. Qe2 Qa4 19. h4 h6 20. h5 Rfd8 21. g3 Qa5 22. Ne5 Qa4 23. Qf3 Bf6 24. Nxf7 Rxc1 25. Rxc1 Rf8 26. e5 Bg5 27. Rc3 Qd7 28. Qe2 Qxf7 29. f4 Nc7 30. fxg5 Nd5 31. Rc1 hxg5 32. Rf1 Qe8 33. Bc1 Rxf1+ 34. Kxf1 Qa4 35. Qg4 Qc4+ 36. Kg2 Qc2+ 37. Kh3 Nf4+ 38. Bxf4 gxf4 39. Qxe6+ Kf8 40. gxf4 Qd3+ 41. Kg4 Qd1+ 42. Kg5 Qg1+ 43. Qg4 Qxd4 44. Qc8+ Kf7 45. Qb7+ Kg8 46. Qxa7 Qg1+ 47. Kf5 Qb1+ 48. Ke6 Qb3+ 49. Kd6 Kh7 50. e6 Qd3+ 51. Kc7 Qc4+ 52. Kd7 Qd5+ 53. Ke7 Qc5+ 54. Kf7 Qf5+ 55. Ke7 Qc5+ 56. Ke8 Qxh5+ 57. Kd8 Qd5+ 58. Qd7 Qa8+ 59. Kc7 Qa7+ 60. Kc6 Qa8+ 61. Kxb6 Qxa3 62. e7 Qb4+ 63. Kc7 Qxf4+ 64. Qd6 Qc4+ 65. Kd8 Qh4 66. Qd3+ Kh8 67. Qd5 Qf6 68. Kd7 1-0

[Event "EU-ch Online U2300 Final"]
[Site "Chess.com INT"]
[Date "2020.05.26"]
[Round "5"]
[White "Baranow, Sergey"]
[Black "Megalios, Konstantinos"]
[Result "0-1"]
[WhiteElo "2192"]
[BlackElo "2401"]
[PlyCount "92"]
[EventDate "2020.05.26"]
[EventType "swiss"]
[EventRounds "8"]
[EventCountry "NET"]
[SourceTitle "CBM 196 Extra"]
[Source "ChessBase"]
[SourceDate "2020.07.31"]
[SourceVersion "1"]
[SourceVersionDate "2020.07.31"]
[SourceQuality "1"]

1. e4 e5 2. d4 exd4 3. Nf3 Nc6 4. Bc4 Nf6 5. Qe2 d6 6. h3 Be7 7. 0-0 0-0 8. Rd1 Ne5 9. Rxd4 Nxc4 10. Qxc4 Nxe4 11. Qe2 Nc5 12. Nc3 Bf6 13. Rd1 Re8 14. Be3 Ne4 15. Nxe4 Rxe4 16. c3 b6 17. Re1 Bb7 18. Rad1 Qd7 19. Nd2 Re6 20. Qg4 Rae8 21. Nf3 Qe7 22. Bd2 Rxe1+ 23. Rxe1 Qd8 24. Re3 Rxe3 25. Bxe3 Qc8 26. Qf4 Qe6 27. Nd4 Qd5 28. Qg4 h5 29. Qg3 Bh4 30. Qf3 Qxf3 31. gxf3 a6 32. Kg2 g6 33. b4 Bf6 34. Ne2 Bd5 35. a4 Bb3 36. a5 bxa5 37. bxa5 Bc4 38. Nd4 c5 39. Nc6 Bxc3 40. Kg3 Kf8 41. Kf4 Ke8 42. Ke4 Kd7 43. Na7 d5+ 44. Kf4 d4 45. Bc1 Bxa5 46. Ba3 Bb6 0-1

[Event "EU-ch Online U2300 Final"]
[Site "Chess.com INT"]
[Date "2020.05.26"]
[Round "7"]
[White "Ristic, Nenad"]
[Black "Baranow, Sergey"]
[Result "0-1"]
[WhiteElo "2332"]
[BlackElo "2192"]
[PlyCount "72"]
[EventDate "2020.05.26"]
[EventType "swiss"]
[EventRounds "8"]
[EventCountry "NET"]
[SourceTitle "CBM 196 Extra"]
[Source "ChessBase"]
[SourceDate "2020.07.31"]
[SourceVersion "1"]
[SourceVersionDate "2020.07.31"]
[SourceQuality "1"]

1. e4 c5 2. Nf3 a6 3. c3 e6 4. d4 cxd4 5. cxd4 d5 6. e5 Bb4+ 7. Nc3 Nc6 8. Bd3 f5 9. exf6 Nxf6 10. 0-0 0-0 11. Re1 Bd7 12. a3 Ba5 13. Bg5 h6 14. Bh4 Bb6 15. Bc2 Ne7 16. Ne5 g5 17. Bg3 Nf5 18. Bxf5 exf5 19. Nxd7 Qxd7 20. Be5 Rad8 21. Bxf6 Rxf6 22. Re5 Bc7 23. Rxd5 Bd6 24. Qb3 Kg7 25. Re1 Qf7 26. g3 f4 27. Qd1 fxg3 28. fxg3 Rf8 29. Qe2 Rf2 30. Qd3 Qh5 31. h4 R8f3 32. Qe4 Qf7 33. Rxd6 Rxg3+ 34. Kh1 Rh2+ 35. Kxh2 Qf2+ 36. Kh1 Rh3# 0-1

[Event "EU-ch Online U2300 Qual"]
[Site "Chess.com INT"]
[Date "2020.05.25"]
[Round "1"]
[White "Baranow, Sergey"]
[Black "Skuhala, Barbara"]
[Result "1-0"]
[WhiteElo "2192"]
[BlackElo "2095"]
[PlyCount "99"]
[EventDate "2020.05.25"]
[EventType "swiss"]
[EventRounds "8"]
[EventCountry "NET"]
[SourceTitle "EXT 2021"]
[Source "ChessBase"]
[SourceDate "2020.10.23"]
[SourceVersion "1"]
[SourceVersionDate "2020.10.23"]
[SourceQuality "1"]

1. e4 c5 2. d4 cxd4 3. Nf3 Nc6 4. Bc4 e6 5. 0-0 d6 6. Qe2 Nf6 7. Rd1 Be7 8. c3 0-0 9. h3 d5 10. exd5 exd5 11. Bb5 dxc3 12. Nxc3 Re8 13. Qd3 Be6 14. Bf4 a6 15. Ba4 b5 16. Bb3 Na5 17. Nxd5 Nxd5 18. Bxd5 Bxd5 19. Qxd5 Qxd5 20. Rxd5 Bf6 21. Rb1 Red8 22. Rxd8+ Rxd8 23. Bc7 Nb7 24. Bxd8 Nxd8 25. b3 Kf8 26. Rc1 Ke7 27. Rc7+ Kd6 28. Ra7 Kc5 29. Rxa6 Nc6 30. Ra8 Kd6 31. g4 h6 32. h4 Bb2 33. Kg2 b4 34. Nd2 Ne5 35. Nc4+ Nxc4 36. bxc4 Kc5 37. Rc8+ Kd4 38. Kf3 Bc1 39. Rc7 Bb2 40. Ke2 Ke4 41. Rxf7 Kd4 42. Rc7 g6 43. c5 Kd5 44. c6 Kd6 45. Rb7 Kxc6 46. Rxb4 Ba1 47. a4 Kc5 48. Rb1 Bf6 49. h5 gxh5 50. gxh5 1-0